00482 a2200169 4500010001400000020002300014035001300037037001800050082001100068100001500079245003400094260004900128270008400177300002600261500001900287710000600306 aENG-85128 a8131300161c595.00 aEN-68661 bD.B.Act / Pub14a796.071 aRao, V. K.1 aSports educationcby V.K. Rao aNew DelhibAPH Publishing Corporatioonc2006 a5, Ansari Road, Darya GanjbNew Delhie110 002maphbooks@vsnl.netk011 23274050 aix,276p.b22cm. (Hb) aIncludes index a.